000 01391cam a2200361 a 4500
001 14887934
003 OSt
005 20240409125345.0
008 070612s2005 enka f b 001 0 eng c
010 _a 2007297791
020 _a9780335261543
035 _a(OCoLC)ocm59169162
035 _a(OCoLC)59169162
040 _aIIB
_cIIB
_dVP@
_dNLGGC
_dMUQ
_dWAU
_dDLC
042 _apcc
050 0 0 _b.P35 2005
082 _a001.42 PAL 2016
100 1 _aPallant, Julie.
_913136
245 1 0 _aSPSS Survival Manual :
_ba step by step guide to data analysis using IBM SPSS
250 _a6th. ed.
260 _aNew York, NY :
_bMcGraw Hill Education
_c2016.
300 _axv, 352 p. :
_bill. ;
_c26 cm.
500 _aSpiral bound.
504 _aIncludes bibliographical references (p. 313-315) and index.
650 0 _aResearch methods
_913138
650 0 _aSocial sciences
_96424
856 4 1 _3Table of contents only
_uhttp://www.loc.gov/catdir/enhancements/fy0737/2007297791-t.html
856 4 2 _3Publisher description
_uhttp://www.loc.gov/catdir/enhancements/fy0737/2007297791-d.html
856 4 2 _3Contributor biographical information
_uhttp://www.loc.gov/catdir/enhancements/fy0737/2007297791-b.html
906 _a7
_bcbc
_cpccadap
_d2
_encip
_f20
_gy-gencatlg
942 _2ddc
_cO_SHELF
999 _c6403
_d6403